Mini Hidden Letters #1 - Statistics

General Stats
  • This quiz has been taken 31 times
  • The average score is 4 of 5
Answer Stats
Hint Answer % Correct
Capital of Turkey Ankara
96%
Most populous city in Turkey Istanbul
96%
40th President of the USA Ronald Reagan
88%
HIDDEN WORD (first letter of each answer in order): IRAN
81%
Capital of Myanmar Naypyidaw
54%
No matching quizzes found
Score Distribution
Percent of People with Each Score
Percentile by Number Answered
Your Score History
You have not taken this quiz